Statistiques concernant QCM animaux n°4

Cliquez ici pour prendre le quiz!

Statistiques générales

  • Ce quiz a été pris 204 fois
    (185 depuis la dernière actualisation)
  • Le résultat moyen est 7 sur 10

Statistiques - réponses

QuestionRéponse% Correct
Oiseau palmipède à ailes très courtes des régions arctiques.Un pingouin
97%
Insecte qui vit en parasite sur les plantes.Un puceron
97%
Mammifère marin vivant en troupes.Un dauphin
94%
Oiseau palmipède vivant sur les côtes.Une mouette
85%
Mammifère pachyderme vivant dans les fleuves d’Afrique.Un hippopotame
78%
Mammifère de la famille des équidés, plus petit que le cheval et à longues oreilles.Un âne
73%
Ruminant sauvage des montagnes, proche du mouton.Un mouflon
73%
Crustacé marin comestible.Un crabe
70%
Mammifère carnassier félidé.Un lynx
41%
Mammifère carnivore d’Asie et d’Afrique.Une hyène
27%

Distribution des résultats

Percentile par nombre de réponses

% des personnes avec chaque résultat

Votre développement - résultats

Vous n’avez pas pris ce quiz depuis la dernière actualisation